Detalles MARC
| 000 -LÍDER |
| Campo fijo de descripción fija |
01933cam a2200409 i 4500 |
| 001 - NÚMERO DE CONTROL |
| Campo de control |
768714001 |
| 003 - IDENTIFICADOR DEL NÚMERO DE CONTROL |
| Campo de control |
CO-MdFUSB |
| 005 - FECHA Y HORA DE LA ULTIMA TRANSACCIÓN |
| control field |
20200729115437.0 |
| 007 - CAMPO FIJO DE DESCRIPCIÓN FIJA--INFORMACIÓN GENERAL |
| Campo fijo de descripción fija |
ta |
| 008 - ELEMENTOS DE LONGITUD FIJA -- INFORMACIÓN GENERAL |
| Campo fijo de descripción fija -- Información general |
020314t2002 enkab b 001 0 eng |
| 010 ## - NÚMERO DE CONTROL DE LA BIBLIOTECA DEL CONGRESO |
| Número de control LC |
2003467696 |
| 020 ## - NÚMERO INTERNACIONAL NORMALIZADO PARA LIBROS |
| Número Internacional Normalizado del libro |
0415276276 |
| 020 ## - NÚMERO INTERNACIONAL NORMALIZADO PARA LIBROS |
| Número Internacional Normalizado del libro |
9780415276276 |
| 020 ## - NÚMERO INTERNACIONAL NORMALIZADO PARA LIBROS |
| Número Internacional Normalizado del libro |
0415276284 |
| Información adicional |
(pbk.) |
| 020 ## - NÚMERO INTERNACIONAL NORMALIZADO PARA LIBROS |
| Número Internacional Normalizado del libro |
9780415276283 |
| Información adicional |
(pbk.) |
| 040 ## - FUENTE DE CATALOGACIÓN |
| Agencia de catalogación original |
UKM |
| Idioma de catalogación |
eng |
| Agencia que realiza la transcripción |
CO-MdFUSB |
| Agencia que realiza la modificación |
UKM |
| -- |
CO-MdFUSB |
| -- |
UKV3G |
| -- |
C#P |
| -- |
MUQ |
| -- |
BAKER |
| -- |
NLGGC |
| -- |
BTCTA |
| -- |
YDXCP |
| -- |
OCLCG |
| -- |
GEBAY |
| -- |
ILU |
| -- |
BDX |
| -- |
U9X |
| -- |
OCLCF |
| -- |
OCLCO |
| -- |
OCLCQ |
| -- |
DEBBG |
| -- |
OCLCQ |
| -- |
OCLCO |
| -- |
OCLCQ |
| -- |
DHA |
| -- |
OCLCQ |
| -- |
UKUOY |
| -- |
OCLCQ |
| -- |
QE2 |
| -- |
OCLCQ |
| Convenciones de la descripción |
rda |
| 041 ## - CÓDIGO DE IDIOMA |
| Código de idioma para texto/pista de sonido o título separado |
eng |
| 042 ## - AUTHENTICATION CODE |
| Authentication code |
lccopycat |
| 082 ## - NÚMERO DE CLASIFICACIÓN DECIMAL DEWEY |
| Número de la edición del Dewey |
23 |
| Número de clasificación |
936.01 |
| Clave de autor-Numero de item |
B811 |
| 100 1# - ASIENTO PRINCIPAL--NOMBRE PERSONAL |
| Nombre personal |
Bradley, Richard, |
| Fechas asociadas con el nombre |
1946- |
| Término relacionador |
autor |
| 245 14 - TÍTULO |
| Título del Material |
The past in prehistoric societies / |
| Mención de responsabilidad, etc. |
Richard Bradley. |
| 264 #1 - PRODUCCIÓN, PUBLICACIÓN, DISTRIBUCIÓN, MANUFACTURA, Y COPYRIGHT |
| Lugar de producción, publicación, distribución, manufactura |
London : |
| Nombre del productor, publicador, distribuidor |
Routledge, |
| Fecha de producción, publicación, distribución, manufactura, o copyright |
[2002] |
| 264 #4 - PRODUCCIÓN, PUBLICACIÓN, DISTRIBUCIÓN, MANUFACTURA, Y COPYRIGHT |
| Fecha de producción, publicación, distribución, manufactura, o copyright |
© 2002 |
| 300 ## - DESCRIPCIÓN FÍSICA |
| Extensión |
x, 171 páginas : |
| Otros detalles físicos |
ilustraciones, mapas ; |
| Dimensiones |
24 cm. |
| 336 ## - TIPO DE CONTENIDO |
| Término de tipo de contenido |
texto |
| Código de tipo de contenido |
txt |
| Fuente |
rdacontent. |
| 337 ## - TIPO DE MEDIO |
| Nombre del tipo de medio |
sin mediación |
| Código del tipo de medio |
n |
| Fuente |
rdamedia. |
| 338 ## - TIPO DE SOPORTE |
| Nombre del tipo de soporte |
volumen |
| Código Tipo de soporte |
nc |
| Fuente |
rdacarrier. |
| 504 ## - NOTA DE BIBLIOGRAFÍA, ETC. |
| Nota de bibliografía, etc |
Incluye referencias bibliográficas<br/> |
| 505 0# - NOTA DE CONTENIDO |
| Nota de contenido con formato preestablecido |
1. Introducción: la cena de Navidad de Darwin. -- 2. Reconociendo la antigüedad: hacia una arqueología de orígenes lejanos. -- 3. Entrando en el presente: legados del pasado inmediato. -- 4. Proyectando pasados futuros: monumentos y la formación de la memoria. -- 5 Rehacer pasados antiguos: de la revisión al renacimiento. -- 6. Conclusión: tiempos prehistóricos. |
| 520 ## - NOTA DE RESUMEN, ETC. |
| Nota de sumario, etc. |
El autor argumenta que es solo a través de una combinación de tradición oral y la experiencia de encontrar una cultura material antigua que las personas pueden formular un sentido de su propio pasado sin tener que recurrir a registros escritos. |
| 563 ## - NOTA DE ENCUADERNACIÓN |
| Nota de encuadernación |
Rústico |
| 653 ## - TÉRMINO DE INDIZACIÓN - NO CONTROLADO |
| Término no controlado |
Arqueología -- historia. |
| 942 ## - TIPO DE MATERIAL (KOHA) |
| Tipo de Item KOHA |
Libros General |
| 945 ## - INFORMACIÓN LOCAL DEL REGISTRO |
| Catalogador |
JTF-925 |
| Revisión registro |
AEM-53 |